[Event "AUTO-MASTER-3278"]
[Site "http://www.queenalice.com/game.php?id=1864889"]
[Date "2025.10.29"]
[Round "2"]
[White "tucuman10"]
[Black "tariann"]
[Result "1-0"]
[WhiteElo "2282"]
[BlackElo "2328"]

1. d4 d5 2. c4 e6 3. e3 Nf6 4. Nc3 c5 5. Nf3 Nc6 6. Bd3 Be7 7. h3 O-O 8. O-O a6
9. a3 Qc7 10. Bd2 Rd8 11. Re1 dxc4 12. Bxc4 cxd4 13. exd4 Nxd4 14. Be2 e5 15.
Rc1 Qb6 16. Na4 Qe6 17. Bc4 Qd7 18. Nb6 Nxf3+ 19. Qxf3 Qxd2 20. Nxa8 Qxb2 21.
Qb3 Qd4 22. Red1 Qf4 23. Rxd8+ Bxd8 24. Bxf7+ 1-0

[Event "AUTO-MASTER-3278"]
[Site "http://www.queenalice.com/game.php?id=1864890"]
[Date "2025.10.29"]
[Round "2"]
[White "tariann"]
[Black "tucuman10"]
[Result "0-1"]
[WhiteElo "2217"]
[BlackElo "2256"]

1. e4 c5 2. Nf3 Nc6 3. d4 cxd4 4. Nxd4 e5 5. Nb5 a6 6. Nd6+ Bxd6 7. Qxd6 Qe7 8.
Qd1 Nf6 9. Nc3 O-O 10. Be2 h6 11. O-O d6 12. Nd5 Nxd5 13. exd5 Nb8 14. Be3 Nd7
15. c4 f5 16. Rc1 f4 17. Bd2 b6 18. Bf3 a5 19. a3 Bb7 20. Re1 Nc5 21. Qc2 Bc8
22. b4 axb4 23. axb4 Bf5 24. Qc3 Na4 25. Qb3 Qf6 26. Ra1 e4 27. Be2 e3 28. fxe3
fxe3 29. Bxe3 Nc3 30. Rxa8 Rxa8 31. Qb2 Nxe2+ 32. Qxe2 Qc3 33. Bd2 Qb2 34. Qe3
Ra2 35. Rd1 Qc2 36. Qf3 Ra3 37. Qe2 Rd3 38. h3 Rd4 39. Kf2 Kh7 40. Ke1 Bd3 41.
Qf3 Re4+ 42. Be3 Re7 43. Rd2 Qb1+ 44. Kf2 Qf1+ 45. Kg3 Qe1+ 0-1

[Event "AUTO-MASTER-3278"]
[Site "http://www.queenalice.com/game.php?id=1864891"]
[Date "2025.10.29"]
[Round "2"]
[White "tucuman10"]
[Black "cerenzo72"]
[Result "0-1"]
[WhiteElo "2244"]
[BlackElo "2199"]

1. d4 Nf6 2. c4 e6 3. e3 b6 4. Nc3 Bb7 5. Bd3 Bb4 6. Ne2 c5 7. O-O cxd4 8. exd4
Nc6 9. a3 Bxc3 10. bxc3 O-O 11. Bg5 Rc8 12. Qc2 h6 13. Bxf6 Qxf6 14. Rfb1 Ba8
15. Bh7+ Kh8 16. Be4 Rfd8 17. a4 d5 18. cxd5 exd5 19. Bd3 a5 20. Qb2 Ne7 21.
Qxb6 Qxb6 22. Rxb6 f5 23. Rb5 Bc6 24. Rxa5 Kh7 25. Ra7 Bd7 26. Rb1 Nc6 27. Rab7
Na5 0-1

[Event "AUTO-MASTER-3278"]
[Site "http://www.queenalice.com/game.php?id=1864892"]
[Date "2025.10.29"]
[Round "2"]
[White "cerenzo72"]
[Black "tucuman10"]
[Result "1-0"]
[WhiteElo "2212"]
[BlackElo "2231"]

1. c4 e5 2. Nc3 Bc5 3. e3 Nc6 4. Nf3 Nf6 5. d4 exd4 6. exd4 Bb4 7. Bd2 Bxc3 8.
Bxc3 d5 9. cxd5 Qxd5 10. Be2 O-O 11. O-O Ne4 12. h3 Bf5 13. Bd3 Rfe8 14. Rc1
Qxa2 15. Ra1 Qd5 16. Nh4 Nxc3 17. bxc3 Be4 18. Bxe4 Rxe4 19. Nf3 a6 20. c4 Qd7
21. Qd3 Re7 22. d5 Ne5 23. Nxe5 Rxe5 24. f4 Rf5 25. Rae1 h6 26. Re2 b5 27. cxb5
axb5 28. g3 1-0

[Event "AUTO-OPEN-4633"]
[Site "http://www.queenalice.com/game.php?id=1867743"]
[Date "2026.1.9"]
[Round "1"]
[White "chessman"]
[Black "tucuman10"]
[Result "0-1"]
[WhiteElo "2038"]
[BlackElo "2316"]

1. e4 e6 2. d4 d5 3. e5 Nc6 4. c3 Bd7 5. f4 Nge7 6. Bd3 a6 7. Nf3 h6 8. O-O Nf5
9. Qe1 Be7 10. g4 Nh4 11. Nbd2 Nxf3+ 12. Nxf3 Nb8 13. f5 Bb5 14. Bxb5+ axb5 15.
Bf4 Nc6 16. Qg3 Qc8 17. Rfe1 b4 18. Nh4 bxc3 19. bxc3 Bxh4 20. Qxh4 Kd7 21. Qh5
Qg8 22. Kh1 Ra3 23. Bd2 Ne7 24. Qh3 h5 25. fxe6+ fxe6 26. gxh5 Qf7 27. Bg5 Rxh5
28. Qg2 Rxc3 29. Bxe7 Kxe7 30. Rf1 Qg8 31. Rf3 Rxf3 32. Qxf3 Qh7 33. Qa3+ Ke8
34. Qa4+ Kd8 35. Qa8+ Kd7 36. Qa4+ c6 0-1

[Event "AUTO-OPEN-4633"]
[Site "http://www.queenalice.com/game.php?id=1867744"]
[Date "2026.1.9"]
[Round "1"]
[White "tucuman10"]
[Black "chessman"]
[Result "1-0"]
[WhiteElo "2268"]
[BlackElo "2020"]

1. d4 d5 2. c4 c6 3. e3 e6 4. Nc3 Nf6 5. Nf3 Be7 6. Be2 O-O 7. h3 a6 8. b3 Nbd7
9. Bb2 Re8 10. O-O Nf8 11. c5 Bd7 12. Qc2 Ng6 13. Bd3 Qc7 14. Na4 Nf8 15. Nb6
Rab8 16. Ne5 Ng6 17. Nxg6 fxg6 18. g4 Bf8 19. f4 Kh8 20. Bc3 Bc8 21. g5 Nd7 22.
Bxg6 hxg6 23. Qxg6 Qd8 24. Nxd7 Bxd7 25. Qh5+ Kg8 26. g6 Bxc5 27. Qh7+ Kf8 28.
Qh8+ Ke7 29. Qxg7+ Kd6 30. Qe5+ Ke7 31. dxc5 Rg8 32. Qf6+ Ke8 33. Qf7# 1-0

[Event "AUTO-OPEN-4633"]
[Site "http://www.queenalice.com/game.php?id=1867789"]
[Date "2026.1.9"]
[Round "1"]
[White "Esvir"]
[Black "tucuman10"]
[Result "0-1"]
[WhiteElo "2069"]
[BlackElo "2249"]

1. e4 e6 2. Nc3 d5 3. e5 Nc6 4. d4 Bb4 5. a3 Bxc3+ 6. bxc3 Bd7 7. Nf3 Nge7 8. c4
h6 9. cxd5 exd5 10. c4 Bg4 11. cxd5 Bxf3 12. Qxf3 Nxd4 13. Qe4 Qxd5 14. Bd3
O-O-O 15. Rb1 Ndc6 16. Qg4+ Kb8 17. Be2 Nxe5 18. Qxg7 Rhg8 19. Qxh6 Qxg2 20. Rf1
Qe4 21. Rb3 Qc2 22. Rb2 Rd1+ 23. Bxd1 Nd3# 0-1

[Event "AUTO-OPEN-4633"]
[Site "http://www.queenalice.com/game.php?id=1867790"]
[Date "2026.1.9"]
[Round "1"]
[White "tucuman10"]
[Black "Esvir"]
[Result "1-0"]
[WhiteElo "2231"]
[BlackElo "2056"]

1. d4 d5 2. c4 dxc4 3. e4 c6 4. Bxc4 e6 5. Nc3 Bb4 6. Bd2 Qxd4 7. Qe2 Nf6 8. Nf3
Qb6 9. Bd3 Nbd7 10. e5 Nd5 11. O-O Nc5 12. Nxd5 cxd5 13. Be3 Qc7 14. Rac1 Qa5
15. Bxc5 Bxc5 16. Bb5+ Bd7 17. Rxc5 O-O 18. Ng5 a6 19. Bd3 Qxc5 20. Bxh7+ Kh8
21. Qh5 1-0

[Event "AUTO-ELITE-2606"]
[Site "http://www.queenalice.com/game.php?id=1867844"]
[Date "2026.1.10"]
[Round "1"]
[White "tucuman10"]
[Black "raulzampronha"]
[Result "1-0"]
[WhiteElo "2320"]
[BlackElo "2277"]

1. d4 Nf6 2. e3 g6 3. c4 Bg7 4. Nc3 O-O 5. Nf3 d6 6. e4 e5 7. d5 a5 8. Bd3 Na6
9. h3 Nc5 10. Bc2 Bd7 11. O-O Nh5 12. Be3 Nf4 13. Kh2 g5 14. Ng1 h6 15. Nge2 Qc8
16. Ng3 Bxh3 17. Nf5 Bxf5 18. exf5 e4 19. Nxe4 Nxe4 20. Bxe4 Re8 21. Bc2 Bxb2
22. Rb1 Be5 23. g3 Qd8 24. Rxb7 Qe7 25. Rh1 1-0

[Event "AUTO-ELITE-2606"]
[Site "http://www.queenalice.com/game.php?id=1867846"]
[Date "2026.1.10"]
[Round "1"]
[White "tucuman10"]
[Black "cerenzo72"]
[Result "1-0"]
[WhiteElo "2273"]
[BlackElo "2173"]

1. d4 Nf6 2. c4 d6 3. Nc3 e5 4. e3 Nbd7 5. Be2 Be7 6. Nf3 b6 7. O-O O-O 8. Bd2
Bb7 9. Qc2 exd4 10. exd4 c5 11. d5 a6 12. a4 Ne5 13. Ne1 Bc8 14. b3 g6 15. f4
Bf5 16. Qd1 Ned7 17. g4 Be4 18. g5 Bf5 19. gxf6 Bxf6 20. Kg2 Bd4 21. Bd3 Bxd3
22. Nxd3 Qf6 23. Rc1 Qf5 24. Nf2 Nf6 25. Nh1 Nh5 26. Qf3 Rae8 27. Ng3 Nxg3 28.
hxg3 Re7 29. g4 Qf6 30. Rce1 Rfe8 31. Rxe7 Rxe7 32. Ne4 Qg7 33. f5 gxf5 34. Qxf5
h6 35. Rh1 Re5 36. Qc8+ Kh7 37. Bxh6 Qg6 38. Bg5+ Kg7 39. Qh8# 1-0

[Event "AUTO-ELITE-2606"]
[Site "http://www.queenalice.com/game.php?id=1867847"]
[Date "2026.1.10"]
[Round "1"]
[White "cerenzo72"]
[Black "tucuman10"]
[Result "0-1"]
[WhiteElo "2196"]
[BlackElo "2220"]

1. c4 e5 2. e4 Nf6 3. Nc3 Nc6 4. Nf3 d6 5. d4 Bg4 6. Be2 Bxf3 7. Bxf3 Nxd4 8.
Be3 Ne6 9. b4 h5 10. Nd5 g6 11. c5 dxc5 12. bxc5 Bxc5 13. Bxc5 Nxc5 14. Nxf6+
Qxf6 15. O-O b6 16. Qd5 Rd8 17. Qc4 Rd4 18. Qb5+ Kf8 19. Rad1 Kg7 20. Rfe1 Rhd8
21. Rxd4 Rxd4 22. h3 Qd6 23. Qb2 Nd3 0-1

[Event "AUTO-MASTER-3293"]
[Site "http://www.queenalice.com/game.php?id=1867979"]
[Date "2026.1.15"]
[Round "1"]
[White "IranSilva"]
[Black "tucuman10"]
[Result "0-1"]
[WhiteElo "2169"]
[BlackElo "2238"]

1. Nf3 e6 2. d4 d6 3. Bf4 Nf6 4. e3 d5 5. Be2 Nc6 6. c4 Bd6 7. Ne5 dxc4 8. Bxc4
Bxe5 9. dxe5 Qxd1+ 10. Kxd1 Nh5 11. Be2 Nxf4 12. exf4 O-O 13. Nc3 f6 14. exf6
Rxf6 15. g3 e5 16. Bc4+ Kf8 17. Nd5 Rd6 18. fxe5 Nxe5 19. Ke2 Nxc4 20. Nxc7 Rb8
21. Rhd1 Rc6 22. Nb5 Bh3 23. f3 Re8+ 24. Kf2 Nxb2 25. Rd2 Nd3+ 26. Kg1 Ne5 27.
Kf2 Nxf3 28. Rd5 Ne1 29. Nd4 Rf6+ 0-1

[Event "AUTO-MASTER-3293"]
[Site "http://www.queenalice.com/game.php?id=1867980"]
[Date "2026.1.15"]
[Round "1"]
[White "tucuman10"]
[Black "IranSilva"]
[Result "1-0"]
[WhiteElo "2282"]
[BlackElo "2181"]

1. d4 d5 2. c4 c6 3. e3 Bf5 4. Nc3 e6 5. Nf3 Nf6 6. Bd2 Nbd7 7. Be2 Be7 8. O-O
O-O 9. Nh4 Bg6 10. Nxg6 hxg6 11. h3 Kh7 12. b3 Rh8 13. c5 e5 14. b4 a6 15. Qc2
Kg8 16. dxe5 Nxe5 17. Rad1 Qc8 18. f4 Ned7 19. e4 dxe4 20. Nxe4 Nd5 21. Bc4 N7f6
22. Ng5 Qc7 23. Bc3 Rf8 24. Bxf6 Bxf6 25. Bxd5 cxd5 26. Rxd5 Bxg5 27. Rxg5 Rh5
28. Qe4 Rxg5 29. fxg5 Qd7 30. Re1 Qd2 31. a3 Rd8 32. Qe5 Rd5 33. Qe8+ Kh7 34.
Qe3 Qc2 35. Qe4 Qd2 36. Qh4+ 1-0

[Event "AUTO-MASTER-3293"]
[Site "http://www.queenalice.com/game.php?id=1868007"]
[Date "2026.1.15"]
[Round "1"]
[White "tucuman10"]
[Black "maurice916"]
[Result "1-0"]
[WhiteElo "2248"]
[BlackElo "1863"]

1. d4 d6 2. c4 e5 3. d5 f5 4. Nc3 Nf6 5. e4 fxe4 6. Nxe4 Nbd7 7. Bg5 Be7 8. Bxf6
Nxf6 9. Bd3 O-O 10. Ne2 Bd7 11. O-O c6 12. N2c3 Qc7 13. b3 b6 14. Nxf6+ Bxf6 15.
Qc2 g6 16. dxc6 Bxc6 17. Be4 Bxe4 18. Nxe4 Bg7 19. Qd3 Rad8 20. Ng5 Rfe8 21.
Qd5+ Kf8 22. Nxh7+ Ke7 23. Ng5 Kf8 24. Rad1 Qe7 25. Nh7# 1-0

[Event "AUTO-MASTER-3293"]
[Site "http://www.queenalice.com/game.php?id=1868008"]
[Date "2026.1.15"]
[Round "1"]
[White "maurice916"]
[Black "tucuman10"]
[Result "0-1"]
[WhiteElo "1871"]
[BlackElo "2267"]

1. Nf3 e6 2. b3 Nc6 3. Bb2 Nf6 4. e3 Bb4 5. c3 Be7 6. d4 d5 7. Nbd2 Bd6 8. Ne5
Nxe5 9. dxe5 Bxe5 10. Nf3 Bd6 11. Be2 Qe7 12. O-O c6 13. a4 e5 14. Qc2 e4 15.
Nd2 Qe5 16. g3 O-O 17. c4 Qg5 18. f4 Qg6 19. Kh1 a5 20. Rg1 Ng4 21. Bxg4 Bxg4
22. Kg2 Bb4 23. Nf1 Bf3+ 24. Kf2 dxc4 25. Qxc4 Rfd8 26. Bc3 b5 27. axb5 cxb5 28.
Qxb5 Bxc3 29. Rc1 Rac8 30. h3 Qh5 31. Nh2 Rd2+ 0-1

[Event "AUTO-MASTER-3280"]
[Site "http://www.queenalice.com/game.php?id=1868649"]
[Date "2026.1.30"]
[Round "2"]
[White "CCapivara"]
[Black "tucuman10"]
[Result "0-1"]
[WhiteElo "2299"]
[BlackElo "2304"]

1. e4 e6 2. d4 d5 3. exd5 exd5 4. Nf3 Nc6 5. Bd3 Nf6 6. O-O Be7 7. Bg5 h6 8. Bh4
a5 9. c3 O-O 10. Nbd2 Nh5 11. Bg3 Bf6 12. Re1 Nxg3 13. hxg3 Qd6 14. Nf1 Bd7 15.
Ne3 g6 16. Qc2 Rfe8 17. Re2 a4 18. Rae1 Bg7 19. Nh4 Bxd4 20. cxd4 Nxd4 21. Qd2
c5 22. Bb1 Nxe2+ 23. Rxe2 d4 24. Nc4 Rxe2 25. Qxe2 Qe6 26. Qf1 b5 27. Nd2 c4 28.
Ndf3 Qd6 29. a3 d3 30. Qc1 g5 31. Nxg5 d2 0-1

[Event "AUTO-MASTER-3280"]
[Site "http://www.queenalice.com/game.php?id=1868650"]
[Date "2026.1.30"]
[Round "2"]
[White "tucuman10"]
[Black "CCapivara"]
[Result "1-0"]
[WhiteElo "2291"]
[BlackElo "2312"]

1. d4 d6 2. c4 Nf6 3. Nc3 c6 4. e3 Nbd7 5. Nf3 e5 6. h3 Be7 7. Be2 O-O 8. O-O e4
9. Nd2 d5 10. f3 exf3 11. Bxf3 Bd6 12. cxd5 cxd5 13. Nxd5 Nxd5 14. Bxd5 Nf6 15.
Bf3 Bc7 16. Nc4 Be6 17. b3 Rb8 18. e4 Qd7 19. a4 Bxh3 20. gxh3 Qxh3 21. Ra2 Rbd8
22. e5 Nd5 23. Bg4 Qg3+ 24. Rg2 Qh4 25. Qf3 a6 26. Rh2 Qe7 27. Qh3 h6 28. Bxh6
gxh6 29. Qxh6 f6 30. Be6+ 1-0